[Event "Montreal op U2000"]
[Site "Montreal CAN"]
[Date "2014.09.05"]
[Round "1"]
[White "Giroux, Robert"]
[Black "Lafleche, Alain"]
[Result "1-0"]
[WhiteElo "1902"]
[BlackElo "1723"]
[PlyCount "119"]
[EventDate "2014.09.05"]
[EventType "swiss"]
[EventRounds "5"]
[EventCountry "CAN"]

1. d4 d5 2. c4 Nc6 3. Nc3 dxc4 4. Nf3 Bg4 5. d5 Bxf3 6. exf3 Ne5 7. Bf4 Ng6 8.
Bxc4 Nf6 9. Be3 a6 10. O-O Ne5 11. Qd4 Ned7 12. Rfe1 g6 13. Rad1 Bg7 14. Bg5
O-O 15. Qh4 b5 16. Bb3 Re8 17. Re3 Nc5 18. Bc2 Qc8 19. Qb4 Ncd7 20. Rxe7 Bf8
21. Rxe8 Qxe8 22. Qh4 Bg7 23. Bb3 Rc8 24. Kf1 Qf8 25. a3 h6 26. Bc1 g5 27. Qb4
Qd8 28. f4 Bf8 29. Qd4 Bc5 30. Qd3 Ng4 31. d6 Qf6 32. Ne4 Qg7 33. Qd5 Bb6 34.
Qf5 Ngf6 35. Nxf6+ Qxf6 36. Qxd7 Rd8 37. Qc6 gxf4 38. Qe4 cxd6 39. Bc2 Qg7 40.
Qf3 Rc8 41. Bb3 Bd4 42. Qxf4 Be5 43. Bxf7+ Kf8 44. Qf5 Rxc1 45. Bg6+ Qf6 46.
Rxc1 Qxf5 47. Bxf5 Bxb2 48. Rc8+ Kg7 49. a4 bxa4 50. Ra8 Kf6 51. Bc2 a3 52.
Rxa6 Ke5 53. Ra4 d5 54. f4+ Kd6 55. Ke2 Kc5 56. Kd3 Kb5 57. Bb3 Bc1 58. g3 Kc5
59. Ba2 Bb2 60. Ra5+ 1-0

[Event "Montreal op U2000"]
[Site "Montreal CAN"]
[Date "2014.09.06"]
[Round "2"]
[White "Lafleche, Alain"]
[Black "Lelievre, Aldo"]
[Result "1-0"]
[WhiteElo "1723"]
[BlackElo "1520"]
[PlyCount "51"]
[EventDate "2014.09.05"]
[EventType "swiss"]
[EventRounds "5"]
[EventCountry "CAN"]

1. e4 c5 2. Nf3 d6 3. d4 cxd4 4. Nxd4 Nf6 5. Nc3 e5 6. Nb3 Be7 7. f3 O-O 8. Be3
a6 9. Qd2 Nbd7 10. O-O-O b5 11. g4 Bb7 12. h4 h5 13. g5 Nh7 14. Bh3 g6 15. f4
exf4 16. Bxf4 Ne5 17. Nd5 Nc4 18. Qf2 Ne5 19. Bxe5 dxe5 20. Nf6+ Nxf6 21. Rxd8
Nxe4 22. Rxf8+ Rxf8 23. Qa7 Nd6 24. Rd1 Ra8 25. Qb6 Bf3 26. Rxd6 1-0

[Event "Montreal op U2000"]
[Site "Montreal CAN"]
[Date "2014.09.06"]
[Round "3"]
[White "Bonneville-Roussy, Didier"]
[Black "Lafleche, Alain"]
[Result "0-1"]
[WhiteElo "1483"]
[BlackElo "1723"]
[PlyCount "22"]
[EventDate "2014.09.05"]
[EventType "swiss"]
[EventRounds "5"]
[EventCountry "CAN"]

1. d4 d5 2. c4 Nc6 3. cxd5 Qxd5 4. Nf3 e5 5. e3 Bg4 6. Be2 O-O-O 7. e4 Qxe4 8.
Nc3 Bb4 9. O-O Bxc3 10. bxc3 exd4 11. Qa4 Qxe2 0-1

[Event "Montreal op U2000"]
[Site "Montreal CAN"]
[Date "2014.09.07"]
[Round "4"]
[White "Lafleche, Alain"]
[Black "Simard, Francois"]
[Result "1-0"]
[WhiteElo "1723"]
[BlackElo "1831"]
[PlyCount "101"]
[EventDate "2014.09.05"]
[EventType "swiss"]
[EventRounds "5"]
[EventCountry "CAN"]

1. e4 c5 2. Nf3 Nc6 3. d4 cxd4 4. Nxd4 g6 5. Nc3 Bg7 6. Be3 d6 7. Qd2 Nf6 8. f3
O-O 9. O-O-O Bd7 10. g4 Rc8 11. Kb1 Ne5 12. Be2 Nc4 13. Bxc4 Rxc4 14. h4 h5 15.
g5 Ne8 16. Nde2 a6 17. Nd5 Nc7 18. Bb6 Be6 19. Nef4 Bxd5 20. Nxd5 Qd7 21. Bxc7
Qb5 22. b3 Rxc7 23. Nxc7 Qe5 24. c3 e6 25. Qd4 Qa5 26. Qb4 Qxc7 27. Rd3 d5 28.
exd5 exd5 29. Rxd5 Bxc3 30. Qc4 Qxc4 31. bxc4 Rc8 32. c5 Bb4 33. Rc1 Rc6 34.
Kb2 b6 35. cxb6 Rxb6 36. Rc8+ Kg7 37. Kc2 Be7 38. Rd7 Re6 39. Kd3 Re1 40. Kc2
Re2+ 41. Kd1 Re6 42. Ra7 Rd6+ 43. Ke2 Re6+ 44. Kf1 f6 45. gxf6+ Kxf6 46. Rca8
Kg7 47. Rxa6 Re5 48. R6a7 Kf7 49. Rc8 Ke6 50. Re8 Kd6 51. Rexe7 1-0

[Event "Montreal op U2000"]
[Site "Montreal CAN"]
[Date "2014.09.07"]
[Round "5"]
[White "Ouellet, Maili-Jade"]
[Black "Lafleche, Alain"]
[Result "1-0"]
[WhiteElo "1848"]
[BlackElo "1723"]
[PlyCount "81"]
[EventDate "2014.09.05"]
[EventType "swiss"]
[EventRounds "5"]
[EventCountry "CAN"]

1. d4 d5 2. c4 Nc6 3. e3 Nf6 4. Nf3 Bg4 5. Nc3 e6 6. cxd5 exd5 7. Be2 Bb4 8.
O-O O-O 9. a3 Ba5 10. b4 Bb6 11. b5 Ne7 12. Ne5 Bxe2 13. Qxe2 Ba5 14. Na4 Ne4
15. Bb2 f6 16. Nd3 b6 17. Nf4 Qd7 18. Rfd1 a6 19. f3 Nd6 20. e4 Nc4 21. exd5
axb5 22. Bc3 Nxd5 23. Nxd5 Qxd5 24. Bxa5 Rxa5 25. Nc3 Qd7 26. a4 Re8 27. Qa2 c6
28. d5 Re3 29. dxc6 Qxc6 30. Nxb5 Qc5 31. Kh1 Ra8 32. Nd6 b5 33. Nxb5 Kh8 34.
Rac1 Rae8 35. h3 Qb4 36. Rxc4 Re1+ 37. Kh2 Qe7 38. Rxe1 Qxe1 39. Rc5 Qe3 40.
Qc4 Qe6 41. Qxe6 1-0

[Event "NATO-ch"]
[Site "Quebec CAN"]
[Date "2014.09.08"]
[Round "1"]
[White "Mestek, Igor"]
[Black "Van den Heuvel, Tonnie"]
[Result "1-0"]
[WhiteElo "2180"]
[BlackElo "1885"]
[PlyCount "67"]
[EventDate "2014.09.08"]
[EventType "swiss"]
[EventRounds "7"]
[EventCountry "CAN"]
[Source "ChessBase"]
[SourceDate "2014.11.20"]
[WhiteTeam "Slovenia"]
[BlackTeam "Netherlands"]
[WhiteTeamCountry "SLO"]
[BlackTeamCountry "NED"]

1. e4 c5 2. Nf3 Nc6 3. Nc3 d6 4. d4 cxd4 5. Nxd4 e5 6. Nde2 Nf6 7. g3 Bg4 8.
Bg2 Nd4 9. Qd3 Bxe2 10. Nxe2 Nxe2 11. Qxe2 Qb6 12. a4 Be7 13. Qb5+ Qc6 14. O-O
O-O 15. Ra3 a6 16. Qb4 Qd7 17. Rb3 Rab8 18. Rd3 Rfc8 19. Qb3 Rc6 20. c3 Rbc8
21. Bg5 Rc4 22. Rfd1 Qxa4 23. Qxb7 R8c7 24. Qb8+ Rc8 25. Qb7 R8c7 26. Qb8+ Rc8
27. Qa7 R8c7 28. Qe3 Ng4 29. Qd2 f6 30. Qe2 Nxf2 31. Kxf2 fxg5 32. Qg4 Qd7 33.
Qxd7 Rxd7 34. Bh3 1-0

[Event "NATO-ch"]
[Site "Quebec CAN"]
[Date "2014.09.08"]
[Round "1"]
[White "Nielsen, Jan Mose"]
[Black "Deneyer, Frank"]
[Result "1-0"]
[WhiteElo "2096"]
[BlackElo "1736"]
[PlyCount "85"]
[EventDate "2014.09.08"]
[EventType "swiss"]
[EventRounds "7"]
[EventCountry "CAN"]
[Source "ChessBase"]
[SourceDate "2014.11.20"]
[WhiteTeam "Denmark"]
[BlackTeam "Belgium"]
[WhiteTeamCountry "DEN"]
[BlackTeamCountry "BEL"]

1. e4 d6 2. Bc4 Nf6 3. Nc3 c6 4. d4 b5 5. Bd3 e5 6. dxe5 dxe5 7. Bg5 Bb4 8. Qd2
O-O 9. Nge2 Bb7 10. a3 Be7 11. Ng3 Nd5 12. h4 Bxg5 13. hxg5 Nf4 14. O-O-O Nd7
15. Bxb5 Nc5 16. Qxd8 Rfxd8 17. Rxd8+ Rxd8 18. Bf1 g6 19. f3 Nce6 20. Nge2
Nxe2+ 21. Bxe2 Nxg5 22. Bc4 Bc8 23. Na4 Ne6 24. b3 h5 25. Nb2 Kg7 26. Nd3 f6
27. Kb2 Nc7 28. Kc3 Be6 29. Nc5 Bxc4 30. bxc4 Kh6 31. Rb1 Kg5 32. g3 f5 33. Rb7
f4 34. gxf4+ Kxf4 35. Rxc7 Kxf3 36. Rf7+ Kg3 37. Nd3 Rxd3+ 38. cxd3 g5 39. d4
exd4+ 40. Kxd4 h4 41. e5 h3 42. e6 h2 43. Rh7 1-0

[Event "NATO-ch"]
[Site "Quebec CAN"]
[Date "2014.09.08"]
[Round "1.1"]
[White "Wells, Daniel"]
[Black "Drabke, Lorenz"]
[Result "0-1"]
[WhiteElo "2002"]
[BlackElo "2457"]
[PlyCount "94"]
[EventDate "2014.09.08"]
[EventType "swiss"]
[EventRounds "7"]
[EventCountry "CAN"]
[Source "Chess Mix"]
[WhiteTeam "United Kingdom"]
[BlackTeam "Germany"]
[BlackTeamCountry "GER"]

1. e4 c5 2. Nf3 e6 3. Nc3 a6 4. d4 cxd4 5. Nxd4 Qc7 6. Bd3 Nf6 7. O-O Bc5 8.
Nb3 Be7 9. f4 d6 10. a4 Nc6 11. a5 b5 12. axb6 Qxb6+ 13. Kh1 O-O 14. Qe2 Nb4
15. Be3 Qc7 16. Na5 Bd7 17. Nc4 Rab8 18. Bd4 Nxd3 19. cxd3 Bb5 20. Nxb5 axb5
21. Ra7 Rb7 22. Rxb7 Qxb7 23. Bxf6 gxf6 24. Ne3 Qb6 25. f5 Kh8 26. Ng4 Qd4 27.
Nh6 Bd8 28. Rc1 Kg7 29. Qd2 d5 30. Re1 Be7 31. Re3 Bc5 32. Rg3+ Kh8 33. Qc1 b4
34. h3 b3 35. Rf3 Kg7 36. Ng4 Kh8 37. Nh6 Bb6 38. Rg3 Bc5 39. Rf3 Bb6 40. Kh2
Bc5 41. Qf4 dxe4 42. Qxe4 Bd6+ 43. Kh1 Qxb2 44. Rf1 Qe5 45. Ng4 Qxe4 46. dxe4
b2 47. Nf2 Ra8 0-1

[Event "NATO-ch"]
[Site "Quebec CAN"]
[Date "2014.09.08"]
[Round "1.2"]
[White "Bacus, Dharim"]
[Black "Dusak, Aljaz"]
[Result "1-0"]
[WhiteElo "2272"]
[BlackElo "1970"]
[PlyCount "71"]
[EventDate "2014.09.08"]
[EventType "swiss"]
[EventRounds "7"]
[EventCountry "CAN"]
[Source "Chess Mix"]
[WhiteTeam "USA"]
[BlackTeam "Slovenia"]
[BlackTeamCountry "SLO"]

1. e4 d6 2. d4 Nf6 3. Nc3 g6 4. Nf3 Bg7 5. Be2 O-O 6. O-O c6 7. h3 Na6 8. Bf4
Nc7 9. a4 Ne6 10. Be3 d5 11. e5 Ne4 12. Qd3 Nxc3 13. Qxc3 f5 14. exf6 exf6 15.
Qd2 Nc7 16. Bd3 Be6 17. Rfe1 Qd7 18. Bf4 Rac8 19. Qa5 Rf7 20. Qxa7 Ne8 21. Re3
Bf5 22. Qa5 g5 23. Bxf5 Qxf5 24. Rae1 gxf4 25. Rxe8+ Rxe8 26. Rxe8+ Bf8 27. Qe1
Qxc2 28. Qe6 Kg7 29. Nh4 f5 30. Nf3 Rf6 31. Qd7+ Rf7 32. Qd8 h6 33. Ne5 Qd1+
34. Kh2 Qxd4 35. Nxf7 Qxf2 36. Qd7 1-0

[Event "NATO-ch"]
[Site "Quebec CAN"]
[Date "2014.09.08"]
[Round "1.3"]
[White "Lebrun, Roger"]
[Black "Helbig, Mark"]
[Result "0-1"]
[WhiteElo "1976"]
[BlackElo "2296"]
[PlyCount "86"]
[EventDate "2014.09.08"]
[EventType "swiss"]
[EventRounds "7"]
[EventCountry "CAN"]
[Source "Chess Mix"]
[WhiteTeam "Canada 2"]
[BlackTeam "Germany"]
[BlackTeamCountry "GER"]

1. e4 c6 2. d3 g6 3. g3 d5 4. Nd2 Bg7 5. Bg2 e5 6. Ngf3 Ne7 7. O-O O-O 8. Re1
d4 9. a4 c5 10. Nc4 Nbc6 11. Bg5 f6 12. Bd2 Be6 13. b3 Nc8 14. h4 Nd6 15. Qc1
Rf7 16. Nh2 Nxc4 17. bxc4 Qd7 18. a5 Bh3 19. Qa3 Bf8 20. Bh1 Bd6 21. Reb1 Kh8
22. Rb5 Nb4 23. Qb3 Be6 24. Qb1 Qc7 25. Nf3 Bd7 26. Rxb4 cxb4 27. Bxb4 Bxb4 28.
Qxb4 h6 29. Rb1 Bc6 30. Nd2 Rg8 31. c3 dxc3 32. Qxc3 Rd8 33. Nf1 Rfd7 34. Rd1
Rd4 35. Ne3 Kg7 36. h5 Qd7 37. hxg6 Rxd3 38. Nf5+ Kxg6 39. Rxd3 Qxd3 40. Nh4+
Kf7 41. Qb4 Qd1+ 42. Kh2 Qd2 43. Qc5 Qd4 0-1

[Event "NATO-ch"]
[Site "Quebec CAN"]
[Date "2014.09.08"]
[Round "1.4"]
[White "Pedersen, Finn"]
[Black "Szczesniak, Andrzej"]
[Result "1-0"]
[WhiteElo "2278"]
[BlackElo "1969"]
[PlyCount "117"]
[EventDate "2014.09.08"]
[EventType "swiss"]
[EventRounds "7"]
[EventCountry "CAN"]
[Source "Chess Mix"]
[WhiteTeam "Denmark"]
[BlackTeam "NATO1"]
[WhiteTeamCountry "DEN"]

1. d4 Nf6 2. Nf3 e6 3. g3 b5 4. e3 a6 5. a4 b4 6. c4 Bb7 7. Bg2 c5 8. O-O Qc7
9. b3 Be7 10. Bb2 d6 11. Nbd2 O-O 12. Qc2 Nbd7 13. Rfe1 Rac8 14. Rad1 h6 15. h3
Qb8 16. e4 cxd4 17. Nxd4 Qa8 18. Nf1 Rfe8 19. Qc1 Nc5 20. Nd2 Bf8 21. Re3 Nfd7
22. f3 Qb8 23. Ne2 Be7 24. Qa1 Bf6 25. Bxf6 Nxf6 26. Nf1 Rcd8 27. Kh2 Qc7 28.
Nd4 h5 29. Kh1 Qb6 30. a5 Qc7 31. Nc2 h4 32. g4 d5 33. e5 Nh7 34. cxd5 Rxd5 35.
Rxd5 Bxd5 36. Nxb4 Bb7 37. Nc2 Rd8 38. Qc3 Qe7 39. b4 Na4 40. Qa1 Qd7 41. Ra3
Bc6 42. Nce3 Ng5 43. Nc4 Qd4 44. Qxd4 Rxd4 45. Nfe3 Rf4 46. Rd3 Bb5 47. Rd8+
Kh7 48. Nd6 Be2 49. b5 Rb4 50. Kg1 Nc3 51. f4 Nf3+ 52. Bxf3 Bxf3 53. Nxf7 Rb2
54. Ng5+ Kg6 55. Nxf3 Ne2+ 56. Kf1 Ng3+ 57. Ke1 Re2+ 58. Kd1 Rxe3 59. Nxh4+ 1-0

[Event "NATO-ch"]
[Site "Quebec CAN"]
[Date "2014.09.08"]
[Round "1.5"]
[White "Musselman, Charles"]
[Black "Sypien, Mateusz"]
[Result "0-1"]
[WhiteElo "1995"]
[BlackElo "2257"]
[PlyCount "70"]
[EventDate "2014.09.08"]
[EventType "swiss"]
[EventRounds "7"]
[EventCountry "CAN"]
[Source "Chess Mix"]
[WhiteTeam "NATO2"]
[BlackTeam "Poland"]
[BlackTeamCountry "POL"]

1. b4 e5 2. Bb2 d6 3. b5 f5 4. e3 Nf6 5. Bc4 d5 6. Bb3 Bd6 7. Nc3 c6 8. a4 O-O
9. Ba3 Bxa3 10. Rxa3 c5 11. d3 Kh8 12. h3 Qd6 13. Ra1 Be6 14. Nf3 Nbd7 15. Ng5
Bg8 16. O-O Rae8 17. e4 h6 18. Nf3 d4 19. Bxg8 Kxg8 20. Nd5 fxe4 21. Nxf6+ Nxf6
22. dxe4 Nxe4 23. Qd3 Nc3 24. Nd2 e4 25. Qc4+ Kh8 26. Nb1 Qd5 27. Qxd5 Nxd5 28.
Nd2 Nc3 29. Nb1 Ne2+ 30. Kh2 e3 31. f3 c4 32. Ra3 Nf4 33. g3 Nd5 34. f4 Nb4 35.
c3 e2 0-1

[Event "NATO-ch"]
[Site "Quebec CAN"]
[Date "2014.09.08"]
[Round "1.6"]
[White "Kersic, Matej"]
[Black "Leblanc, Paul"]
[Result "1/2-1/2"]
[WhiteElo "2207"]
[BlackElo "1942"]
[PlyCount "58"]
[EventDate "2014.09.08"]
[EventType "swiss"]
[EventRounds "7"]
[EventCountry "CAN"]
[Source "Chess Mix"]
[WhiteTeam "Slovenia"]
[BlackTeam "Canada 2"]
[WhiteTeamCountry "SLO"]

1. e4 c6 2. Nc3 d5 3. Nf3 dxe4 4. Nxe4 Nf6 5. Ng3 h5 6. h3 h4 7. Ne2 Bf5 8. d4
Nbd7 9. Nf4 e6 10. Bc4 Qc7 11. O-O O-O-O 12. Qe2 Be7 13. Bd3 Bxd3 14. Nxd3 Nh5
15. Nfe5 Nxe5 16. dxe5 g5 17. Be3 Ng7 18. Rad1 Nf5 19. b4 Rhg8 20. Bc5 Nd4 21.
Bxd4 Rxd4 22. f3 Rgd8 23. a3 c5 24. Kh1 cxb4 25. axb4 Bxb4 26. Nxb4 Rxb4 27. c3
Rxd1 28. Qxd1 Rc4 29. Qd2 Rxc3 1/2-1/2

[Event "NATO-ch"]
[Site "Quebec CAN"]
[Date "2014.09.08"]
[Round "1.7"]
[White "Patron, Pascal"]
[Black "Andersen, Hans Christoph"]
[Result "0-1"]
[WhiteElo "1935"]
[BlackElo "2223"]
[PlyCount "66"]
[EventDate "2014.09.08"]
[EventType "swiss"]
[EventRounds "7"]
[EventCountry "CAN"]
[Source "Chess Mix"]
[WhiteTeam "France"]
[BlackTeam "Germany"]
[WhiteTeamCountry "FRA"]
[BlackTeamCountry "GER"]

1. e4 d5 2. exd5 Qxd5 3. Nc3 Qa5 4. Nf3 Nf6 5. Be2 c6 6. O-O Bg4 7. b4 Qc7 8.
b5 e6 9. Re1 Be7 10. Nd4 Bxe2 11. Qxe2 O-O 12. Bb2 Re8 13. Ne4 Nbd7 14. Ng5 Nf8
15. Qc4 Nd5 16. Ndf3 cxb5 17. Qg4 Qf4 18. Qh5 Qf5 19. h4 Nf4 20. g4 Nxh5 21.
gxf5 exf5 22. Nd4 Bf6 23. c3 Bxd4 24. cxd4 Nf4 25. Re3 Nd5 26. Rf3 g6 27. Kg2
a5 28. Rh1 h5 29. Rc1 b6 30. Nh3 Rac8 31. Nf4 Nxf4+ 32. Rxf4 Rxc1 33. Bxc1 Ne6
0-1

[Event "NATO-ch"]
[Site "Quebec CAN"]
[Date "2014.09.08"]
[Round "1.8"]
[White "Van Rijn, Wouter"]
[Black "De, Bock Lennart"]
[Result "1-0"]
[WhiteElo "2176"]
[BlackElo "1896"]
[PlyCount "73"]
[EventDate "2014.09.08"]
[EventType "swiss"]
[EventRounds "7"]
[EventCountry "CAN"]
[Source "Chess Mix"]
[WhiteTeam "The Netherlands"]
[BlackTeam "Belgium"]
[BlackTeamCountry "BEL"]

1. d3 e5 2. c4 d6 3. Nc3 f5 4. g3 c6 5. Bg2 Be7 6. e4 Nf6 7. Nf3 fxe4 8. dxe4
O-O 9. O-O Qe8 10. c5 dxc5 11. Qb3+ Qf7 12. Qxf7+ Rxf7 13. Nxe5 Rf8 14. h3 Nbd7
15. Nxd7 Nxd7 16. Rd1 c4 17. Bf1 b5 18. a4 Bc5 19. Be3 Bxe3 20. fxe3 Ne5 21.
axb5 Rb8 22. Rxa7 cxb5 23. Re7 Ng6 24. Rc7 Ne5 25. Rc5 Nf3+ 26. Kg2 Be6 27. Be2
b4 28. Nb5 c3 29. bxc3 bxc3 30. Bxf3 Bxh3+ 31. Kxh3 Rxf3 32. Nxc3 Rxe3 33. Rd7
Kh8 34. Rcc7 h6 35. Nd5 Rxe4 36. Rxg7 Re6 37. Nf4 1-0

[Event "NATO-ch"]
[Site "Quebec CAN"]
[Date "2014.09.08"]
[Round "1.9"]
[White "Dekker, Ard"]
[Black "Nill, Oliver"]
[Result "1/2-1/2"]
[WhiteElo "1940"]
[BlackElo "2188"]
[PlyCount "39"]
[EventDate "2014.09.08"]
[EventType "swiss"]
[EventRounds "7"]
[EventCountry "CAN"]
[Source "Chess Mix"]
[WhiteTeam "The Netherlands"]
[BlackTeam "Germany"]
[BlackTeamCountry "GER"]

1. c4 g6 2. d4 Bg7 3. Nc3 Nf6 4. Nf3 O-O 5. e3 d6 6. Be2 Nbd7 7. O-O e5 8. Qc2
Re8 9. Bd2 e4 10. Ng5 Qe7 11. f3 exf3 12. Bxf3 Nb6 13. b3 c5 14. dxc5 dxc5 15.
Rae1 h6 16. Nge4 Ng4 17. Nf2 Ne5 18. Bd5 Be6 19. e4 Rad8 20. Be3 1/2-1/2

[Event "NATO-ch"]
[Site "Quebec CAN"]
[Date "2014.09.08"]
[Round "1.11"]
[White "Csizmadia, Csaba"]
[Black "Bohn, Ulrich"]
[Result "0-1"]
[WhiteElo "1863"]
[BlackElo "2147"]
[PlyCount "74"]
[EventDate "2014.09.08"]
[EventType "swiss"]
[EventRounds "7"]
[EventCountry "CAN"]
[Source "Chess Mix"]
[WhiteTeam "Hungary"]
[BlackTeam "Germany"]
[WhiteTeamCountry "HUN"]
[BlackTeamCountry "GER"]

1. d4 Nf6 2. c4 c5 3. d5 b5 4. cxb5 a6 5. e3 axb5 6. Bxb5 Ba6 7. Bxa6 Qa5+ 8.
Nc3 Qxa6 9. Nge2 d6 10. O-O g6 11. b3 Bg7 12. Bb2 Qb7 13. Rb1 O-O 14. Qd2 Na6
15. Rfd1 Qb4 16. Nc1 Rfb8 17. Nd3 Qh4 18. g3 Qg4 19. Nf4 g5 20. f3 Qxf3 21. Rf1
Qg4 22. Ng2 Ne4 23. Nxe4 Qxe4 24. Bxg7 Kxg7 25. Rb2 Nb4 26. Rd1 Ra3 27. Ne1 Ra7
28. Nc2 Nxa2 29. Ra1 Rba8 30. Rab1 Qe5 31. Ne1 Nc3 32. Rc1 Nxd5 33. Nf3 Qxe3+
34. Qxe3 Nxe3 35. Nxg5 Ra2 36. Rcb1 Rxb2 37. Rxb2 Ra1+ 0-1

[Event "NATO-ch"]
[Site "Quebec CAN"]
[Date "2014.09.08"]
[Round "1.13"]
[White "Simard, Francois"]
[Black "Onley, David"]
[Result "1-0"]
[WhiteElo "1961"]
[BlackElo "2120"]
[PlyCount "81"]
[EventDate "2014.09.08"]
[EventType "swiss"]
[EventRounds "7"]
[EventCountry "CAN"]
[Source "Chess Mix"]
[WhiteTeam "Canada"]
[BlackTeam "United Kingdom"]
[WhiteTeamCountry "CAN"]

1. d4 Nf6 2. c4 g6 3. Nc3 Bg7 4. Bg5 d6 5. Qd2 h6 6. Bf4 Nh5 7. Bg3 c6 8. d5
O-O 9. e4 Nd7 10. f4 Nc5 11. Bd3 Qa5 12. Bc2 f5 13. Bh4 Nxf4 14. Bxe7 Re8 15.
Bxd6 Nxg2+ 16. Qxg2 Bxc3+ 17. Kf1 Bg7 18. Qxg6 Bd7 19. exf5 Rf8 20. Bxf8 Rxf8
21. Nf3 cxd5 22. Rg1 Rf7 23. f6 Ne4 24. Qxh6 Nxf6 25. Rxg7+ Rxg7 26. Qxf6 Bh3+
27. Ke2 Rg2+ 28. Ke3 Qc5+ 29. Nd4 dxc4 30. Rf1 Qg5+ 31. Qxg5+ Rxg5 32. Rf3 Rh5
33. Bg6 Rh6 34. Bf7+ Kg7 35. Bxc4 Bc8 36. Nf5+ Bxf5 37. Rxf5 Rc6 38. Rf7+ Kg6
39. Bd5 Rc5 40. Kd4 Rxd5+ 41. Kxd5 1-0

[Event "NATO-ch"]
[Site "Quebec CAN"]
[Date "2014.09.08"]
[Round "1.14"]
[White "Hansen, Steven E"]
[Black "Lambruschini, Alex"]
[Result "1-0"]
[WhiteElo "2102"]
[BlackElo "1928"]
[PlyCount "61"]
[EventDate "2014.09.08"]
[EventType "swiss"]
[EventRounds "7"]
[EventCountry "CAN"]
[Source "Chess Mix"]
[WhiteTeam "Denmark"]
[BlackTeam "Canada"]
[WhiteTeamCountry "DEN"]
[BlackTeamCountry "CAN"]

1. d4 Nf6 2. c4 e6 3. Nc3 Bb4 4. Qc2 O-O 5. a3 Bxc3+ 6. Qxc3 d5 7. e3 Ne4 8.
Qc2 f5 9. Nf3 Nd7 10. Bd3 c6 11. b3 a6 12. Bb2 b5 13. O-O bxc4 14. bxc4 a5 15.
a4 Ba6 16. Ba3 Rf6 17. Rfd1 Rh6 18. cxd5 Bxd3 19. Rxd3 exd5 20. Rb1 g5 21. Nd2
g4 22. Nf1 Qg5 23. Rb7 Rd8 24. Rdb3 f4 25. exf4 Qxf4 26. Be7 Rf8 27. Rxd7 Nxf2
28. Bxf8 g3 29. Rxg3+ Ng4 30. Rxg4+ Qxg4 31. Rg7+ 1-0

[Event "NATO-ch"]
[Site "Quebec CAN"]
[Date "2014.09.08"]
[Round "1.16"]
[White "Karbowiak, Adam"]
[Black "Rosseel, Kimball"]
[Result "1-0"]
[WhiteElo "2088"]
[BlackElo "1808"]
[PlyCount "97"]
[EventDate "2014.09.08"]
[EventType "swiss"]
[EventRounds "7"]
[EventCountry "CAN"]
[Source "Chess Mix"]
[WhiteTeam "Poland"]
[BlackTeam "Belgium"]
[WhiteTeamCountry "POL"]
[BlackTeamCountry "BEL"]

1. Nf3 d6 2. g3 g6 3. Bg2 Bg7 4. c4 e5 5. Nc3 Nc6 6. O-O f5 7. d3 h6 8. Rb1 a5
9. a3 Nf6 10. b4 axb4 11. axb4 O-O 12. b5 Ne7 13. Bb2 g5 14. Ra1 Rb8 15. Ra7 g4
16. Nd2 h5 17. Qc2 d5 18. cxd5 Nfxd5 19. Rc1 c6 20. Nxd5 cxd5 21. Qc7 Qxc7 22.
Rxc7 Rf7 23. Ba3 Bf6 24. Bd6 Be6 25. Rxe7 Bxe7 26. Bxb8 Bc5 27. Ra4 e4 28. d4
Bb6 29. Bd6 Bd7 30. Bc5 Bxc5 31. dxc5 Bxb5 32. Ra8+ Kg7 33. e3 Rc7 34. Ra7 Kf6
35. Bf1 Bxf1 36. Kxf1 Rxc5 37. Rxb7 Rc1+ 38. Kg2 Rd1 39. Nb3 Rb1 40. Nc5 Rxb7
41. Nxb7 Ke7 42. Nc5 d4 43. exd4 Kd6 44. Kf1 Kd5 45. Nb3 Kc4 46. Ke2 Kd5 47.
Ke3 Ke6 48. Kf4 Kf6 49. d5 1-0

[Event "NATO-ch"]
[Site "Quebec CAN"]
[Date "2014.09.08"]
[Round "1.17"]
[White "Stuhr, Finn"]
[Black "Hater, David"]
[Result "1-0"]
[WhiteElo "1800"]
[BlackElo "2034"]
[PlyCount "111"]
[EventDate "2014.09.08"]
[EventType "swiss"]
[EventRounds "7"]
[EventCountry "CAN"]
[Source "Chess Mix"]
[WhiteTeam "Denmark"]
[BlackTeam "USA"]
[WhiteTeamCountry "DEN"]

1. e4 e5 2. Nf3 Nc6 3. Bc4 Bc5 4. d3 d6 5. Ng5 Nh6 6. h3 Na5 7. Bb3 Nxb3 8.
axb3 Qf6 9. Nf3 Qg6 10. Nh4 Qf6 11. Nf3 c6 12. Bg5 Qg6 13. Rg1 f5 14. Nbd2 f4
15. Bxh6 Qxh6 16. Nc4 O-O 17. Qd2 b5 18. b4 Bxf2+ 19. Qxf2 bxc4 20. Rxa7 Rxa7
21. Qxa7 cxd3 22. cxd3 Qe6 23. Qa4 Bd7 24. Ng5 Qe7 25. Qb3+ Kh8 26. Nf3 h6 27.
Kf2 Be6 28. Qc3 Qa7+ 29. d4 exd4 30. Nxd4 Bd7 31. Re1 f3 32. g4 c5 33. bxc5
dxc5 34. Nf5 Bxf5 35. gxf5 Rb8 36. Kxf3 Qa2 37. Qxc5 Rb3+ 38. Re3 Rxb2 39. Kf4
Rf2+ 40. Rf3 Re2 41. Qd4 Qc2 42. f6 gxf6 43. Qxf6+ Kh7 44. Qd4 Qc1+ 45. Re3 Kg6
46. e5 Re1 47. Qd3+ Kg7 48. Qc3 Rf1+ 49. Ke4 Qb1+ 50. Rd3 Re1+ 51. Kf3 Rf1+ 52.
Ke2 Rc1 53. Rd7+ Kg6 54. Qg3+ Kf5 55. Rf7+ Ke6 56. Rf6+ 1-0

[Event "NATO-ch"]
[Site "Quebec CAN"]
[Date "2014.09.08"]
[Round "1.18"]
[White "Michalski, Daniel"]
[Black "Middaugh, Jon S"]
[Result "1-0"]
[WhiteElo "2090"]
[BlackElo "1767"]
[PlyCount "65"]
[EventDate "2014.09.08"]
[EventType "swiss"]
[EventRounds "7"]
[EventCountry "CAN"]
[Source "Chess Mix"]
[WhiteTeam "Poland"]
[BlackTeam "USA"]
[WhiteTeamCountry "POL"]

1. d4 Nf6 2. Nf3 d5 3. c4 e6 4. g3 c6 5. Nbd2 Qa5 6. c5 b6 7. cxb6 Qxb6 8. Bg2
c5 9. O-O Nc6 10. dxc5 Bxc5 11. Nb3 O-O 12. Nxc5 Qxc5 13. Be3 Qb5 14. Rc1 Ne4
15. Nd2 Nxd2 16. Qxd2 Ba6 17. Bc5 Rfc8 18. Rfe1 Ne5 19. Bd4 Nc6 20. Bc3 h6 21.
Qf4 Qb8 22. Qg4 Ne5 23. Qh5 Nc6 24. Red1 Qb6 25. Qg4 g6 26. Qh4 Qd8 27. Qxh6 e5
28. Bxd5 Qf8 29. Qxg6+ Qg7 30. Qxg7+ Kxg7 31. Bxc6 Bxe2 32. Bxe5+ Kf8 33. Re1
1-0

[Event "NATO-ch"]
[Site "Quebec CAN"]
[Date "2014.09.08"]
[Round "1.19"]
[White "Chwieseni, Edward"]
[Black "Sycz, Dariusz"]
[Result "0-1"]
[WhiteElo "1739"]
[BlackElo "2139"]
[PlyCount "102"]
[EventDate "2014.09.08"]
[EventType "swiss"]
[EventRounds "7"]
[EventCountry "CAN"]
[Source "Chess Mix"]
[WhiteTeam "United Kingdom"]
[BlackTeam "Poland"]
[BlackTeamCountry "POL"]

1. e4 c5 2. Nf3 g6 3. c3 Bg7 4. d4 cxd4 5. cxd4 d5 6. e5 Nc6 7. Qb3 Nh6 8. Bb5
O-O 9. O-O Na5 10. Qc3 a6 11. Bd3 Bg4 12. Bc2 Rc8 13. Qd2 Nf5 14. Bxf5 Bxf5 15.
b3 Rc2 16. Qe3 Qc7 17. Bd2 Rc8 18. Na3 Rc6 19. Rac1 b5 20. Rxc6 Nxc6 21. Nb1 b4
22. Qf4 f6 23. Re1 Be4 24. exf6 Qxf4 25. Bxf4 Bxf6 26. Nbd2 Bf5 27. h3 Nxd4 28.
Nxd4 Bxd4 29. Rxe7 Rc1+ 30. Kh2 Bxf2 31. Nf3 Rc8 32. Be5 h6 33. Rb7 Be4 34. Nd2
Rc2 35. Nxe4 dxe4 36. Rxb4 e3 37. Re4 e2 38. Bg3 e1=Q 39. Rxe1 Bxe1 40. Bxe1
Rxa2 41. b4 Kf7 42. Kg3 Ke6 43. Kf3 Kd5 44. g4 Ra3+ 45. Kg2 Ke4 46. Bf2 Rc3 47.
h4 Kf4 48. g5 hxg5 49. hxg5 Kxg5 50. Be1 Rb3 51. Kf2 Kg4 0-1